| 000 | 01186nam2a22002651 4500 | ||
|---|---|---|---|
| 001 | v19\rc\1366135 | ||
| 005 | 20250618083109.0 | ||
| 035 | _a(NLR Aleph) 004506168 | ||
| 090 |
_a4722587 _c4722587 |
||
| 100 | _a20060512d1867 |||y0rusy50 ca | ||
| 101 | 0 | _arus | |
| 102 | _aRU | ||
| 105 | _ay z ||||| | ||
| 200 | 0 | _aза 1866 год | |
| 210 |
_d[1867] _aБ. м. |
||
| 215 | _a[5] с. | ||
| 311 | _aК № 34 Пенз. губ. вед. 1867 г. | ||
| 422 | 0 |
_12001#$aПензенские губернские ведомости$v1867, № 34 _tПензенские губернские ведомости |
|
| 461 | 0 |
_1001v19\rc\1366134 _12001#$aОтчет Керенской уездной земской управы...$fКерен. уезд. земство$vза 1866 год _94722580 _aКеренская уездная земская управа _cНижний Ломов _d[1867]-1916 _fКерен. уезд. земство _tОтчет Керенской уездной земской управы... _vза 1866 год |
|
| 801 | 0 |
_aRU _bNLR _gpsbo |
|
| 801 | 0 |
_aRU _bRuMoRGB _2psbo |
|
| 801 | 1 |
_aRU _bProSoft-M _2rusmarc |
|
| 852 |
_aNLR _bЗем _j28-4/О1 |
||
| 942 | _cBOOK | ||
| 980 | _aNB | ||